The Bacteria; (Record no. 114464)

MARC details
000 -LEADER
fixed length control field 00878nam a2200265 a 4500
008 - FIXED-LENGTH DATA ELEMENTS--GENERAL INFORMATION
fixed length control field
049 ## - LOCAL HOLDINGS (OCLC)
Holding library MAIN
090 ## - LOCALLY ASSIGNED LC-TYPE CALL NUMBER (OCLC); LOCAL CALL NUMBER (RLIN)
Classification number (OCLC) (R) ; Classification number, CALL (RLIN) (NR) QR75 BAC
003 - CONTROL NUMBER IDENTIFIER
control field
005 - DATE AND TIME OF LATEST TRANSACTION
control field 20230120203942.0
040 ## - CATALOGING SOURCE
Transcribing agency NUST
245 04 - TITLE STATEMENT
Title The Bacteria;
Remainder of title a treatise on structure and function,
Statement of responsibility, etc. edited by I.C. Gunsalus and Rogers Y. Stanier.
260 ## - PUBLICATION, DISTRIBUTION, ETC.
Place of publication, distribution, etc. New York,
Name of publisher, distributor, etc. Academic Press,
Date of publication, distribution, etc. 1964
300 ## - PHYSICAL DESCRIPTION
Extent xi, 517 p. :
Other physical details ill. ;
Dimensions 24 cm.
500 ## - GENERAL NOTE
General note Includes index.
504 ## - BIBLIOGRAPHY, ETC. NOTE
Bibliography, etc. note Includes bibliographical references.
500 ## - GENERAL NOTE
General note Vols. have as editors: consulting editor, I.C. Gunsalus ; editors-in-chief, J.R. Sokatch, L. Nicholas Ornston.
505 0# - FORMATTED CONTENTS NOTE
Formatted contents note v. 5. Heredity.
650 #0 - SUBJECT ADDED ENTRY--TOPICAL TERM
Topical term or geographic name entry element Bacteriology.
650 #2 - SUBJECT ADDED ENTRY--TOPICAL TERM
Topical term or geographic name entry element Bacteria.
700 ## - ADDED ENTRY--PERSONAL NAME
Personal name Stanier, Y. Roger.
700 1# - ADDED ENTRY--PERSONAL NAME
Personal name Gunsalus, I.C.
907 ## - LOCAL DATA ELEMENT G, LDG (RLIN)
a .b10230816
b 21-03-13
c 13-02-07
942 ## - ADDED ENTRY ELEMENTS (KOHA)
Koha item type Ordinary Loan Books
Call number prefix QR75 BAC
Holdings
Date last seen Total Checkouts Full call number Barcode Cost, replacement price Price effective from Koha item type Lost status Source of classification or shelving scheme Damaged status Not for loan Collection Withdrawn status Home library Current library Shelving location Date acquired Cost, normal purchase price
01/20/2023 1 QR75 BAC 92003014965 80.00 01/20/2023 BOOKS   LCC     NFIC   Medical Medical GEN 01/20/2023 80.00